Gaming Quiz

Random Gaming or Mario Quiz

Mario Characters Quiz Stats

Quiz not verified by Sporcle

Also try: Starcraft II Units
Challenge
Share
Tweet
Embed
Score 0/43 Timer 12:00
0 Plays Today
Character % Correct
Mario
98.8%
Luigi
95.4%
Bowser
86.1%
Princess Peach
83.7%
Toad
78.9%
Yoshi
78.1%
Wario
77.9%
Waluigi
73.5%
Princess Daisy
69.7%
Donkey Kong
64.1%
Koopa Troopa
59.4%
Bowser Jr.
59%
Goomba
56%
Boo
55.6%
Diddy Kong
54.8%
Toadette
53.6%
Birdo
52%
King boo
45.4%
Dry Bones
44.6%
Shy guy
38.2%
Toadsworth
37.5%
Rosalina
33.9%
Character % Correct
Petey Piranha
29.7%
Bullet bill
28.7%
Lakitu
25.3%
Blooper
24.7%
Bob-omb
22.5%
Chain Chomp
22.5%
Wiggler
22.3%
Hammer Bros.
21.5%
Cheep-Cheep
20.7%
Kamek
19.1%
Magikoopa
16.3%
Whomp
16.3%
Thwomp
15.7%
Monty Mole
14.5%
Koopalings
13.1%
Fawful
12.2%
Pokey
9.8%
Kammy Koopa
9.2%
Pirahna plant
8%
Podoboo
6%
Professer E. Gadd
4.2%

You're not logged in!

Compare scores with friends on all Sporcle quizzes.
Join for Free
OR
Log In

You Might Also Like...

Show Comments

Extras

Created Nov 20, 2009ReportNominate
Tags:Mario Quiz, character

Top Quizzes Today


Score Distribution

Your Account Isn't Verified!

In order to create a playlist on Sporcle, you need to verify the email address you used during registration. Go to your Sporcle Settings to finish the process.

Report this User

Report this user for behavior that violates our Community Guidelines.

Details: